<?xml version="1.0" encoding="UTF-8"?>
<record
    xmlns:xsi="http://www.w3.org/2001/XMLSchema-instance"
    xsi:schemaLocation="http://www.loc.gov/MARC21/slim http://www.loc.gov/standards/marcxml/schema/MARC21slim.xsd"
    xmlns="http://www.loc.gov/MARC21/slim">

  <leader>00464nam a22001817a 4500</leader>
  <controlfield tag="005">20260511121251.0</controlfield>
  <controlfield tag="008">260511b        |||||||| |||| 00| 0 eng d</controlfield>
  <datafield tag="020" ind1=" " ind2=" ">
    <subfield code="a">9780195655261</subfield>
    <subfield code="c">575.00</subfield>
  </datafield>
  <datafield tag="040" ind1=" " ind2=" ">
    <subfield code="a">MAIN</subfield>
  </datafield>
  <datafield tag="041" ind1=" " ind2=" ">
    <subfield code="a">English</subfield>
  </datafield>
  <datafield tag="082" ind1=" " ind2=" ">
    <subfield code="a">338.90091</subfield>
    <subfield code="b">SEN</subfield>
  </datafield>
  <datafield tag="100" ind1=" " ind2=" ">
    <subfield code="a">Sen, Amartya</subfield>
    <subfield code="9">744</subfield>
  </datafield>
  <datafield tag="245" ind1=" " ind2=" ">
    <subfield code="a">Development as Freedom </subfield>
  </datafield>
  <datafield tag="260" ind1=" " ind2=" ">
    <subfield code="a">New York</subfield>
    <subfield code="b">Oxford University Press </subfield>
    <subfield code="c">2025</subfield>
  </datafield>
  <datafield tag="300" ind1=" " ind2=" ">
    <subfield code="a">366</subfield>
  </datafield>
  <datafield tag="650" ind1=" " ind2=" ">
    <subfield code="a">Economics (PM USHA)</subfield>
    <subfield code="9">26774</subfield>
  </datafield>
  <datafield tag="942" ind1=" " ind2=" ">
    <subfield code="c">BK</subfield>
  </datafield>
  <datafield tag="999" ind1=" " ind2=" ">
    <subfield code="c">60754</subfield>
    <subfield code="d">60754</subfield>
  </datafield>
  <datafield tag="952" ind1=" " ind2=" ">
    <subfield code="0">0</subfield>
    <subfield code="1">0</subfield>
    <subfield code="2">ddc</subfield>
    <subfield code="4">0</subfield>
    <subfield code="6">338_900910000000000_SEN</subfield>
    <subfield code="7">0</subfield>
    <subfield code="9">93869</subfield>
    <subfield code="a">MAIN</subfield>
    <subfield code="b">MAIN</subfield>
    <subfield code="d">2026-05-11</subfield>
    <subfield code="l">0</subfield>
    <subfield code="o">338.90091 SEN</subfield>
    <subfield code="p">33192</subfield>
    <subfield code="r">2026-05-11</subfield>
    <subfield code="w">2026-05-11</subfield>
    <subfield code="y">BK</subfield>
  </datafield>
  <datafield tag="952" ind1=" " ind2=" ">
    <subfield code="0">0</subfield>
    <subfield code="1">0</subfield>
    <subfield code="2">ddc</subfield>
    <subfield code="4">0</subfield>
    <subfield code="6">338_900910000000000_SEN</subfield>
    <subfield code="7">0</subfield>
    <subfield code="9">93870</subfield>
    <subfield code="a">MAIN</subfield>
    <subfield code="b">MAIN</subfield>
    <subfield code="d">2026-05-11</subfield>
    <subfield code="l">0</subfield>
    <subfield code="o">338.90091 SEN</subfield>
    <subfield code="p">33193</subfield>
    <subfield code="r">2026-05-11</subfield>
    <subfield code="w">2026-05-11</subfield>
    <subfield code="y">BK</subfield>
  </datafield>
  <datafield tag="952" ind1=" " ind2=" ">
    <subfield code="0">0</subfield>
    <subfield code="1">0</subfield>
    <subfield code="2">ddc</subfield>
    <subfield code="4">0</subfield>
    <subfield code="6">338_900910000000000_SEN</subfield>
    <subfield code="7">0</subfield>
    <subfield code="9">93871</subfield>
    <subfield code="a">MAIN</subfield>
    <subfield code="b">MAIN</subfield>
    <subfield code="d">2026-05-11</subfield>
    <subfield code="l">0</subfield>
    <subfield code="o">338.90091 SEN</subfield>
    <subfield code="p">33194</subfield>
    <subfield code="r">2026-05-11</subfield>
    <subfield code="w">2026-05-11</subfield>
    <subfield code="y">BK</subfield>
  </datafield>
  <datafield tag="952" ind1=" " ind2=" ">
    <subfield code="0">0</subfield>
    <subfield code="1">0</subfield>
    <subfield code="2">ddc</subfield>
    <subfield code="4">0</subfield>
    <subfield code="6">338_900910000000000_SEN</subfield>
    <subfield code="7">0</subfield>
    <subfield code="9">93872</subfield>
    <subfield code="a">MAIN</subfield>
    <subfield code="b">MAIN</subfield>
    <subfield code="d">2026-05-11</subfield>
    <subfield code="l">0</subfield>
    <subfield code="o">338.90091 SEN</subfield>
    <subfield code="p">33195</subfield>
    <subfield code="r">2026-05-11</subfield>
    <subfield code="w">2026-05-11</subfield>
    <subfield code="y">BK</subfield>
  </datafield>
  <datafield tag="952" ind1=" " ind2=" ">
    <subfield code="0">0</subfield>
    <subfield code="1">0</subfield>
    <subfield code="2">ddc</subfield>
    <subfield code="4">0</subfield>
    <subfield code="6">338_900910000000000_SEN</subfield>
    <subfield code="7">0</subfield>
    <subfield code="9">93873</subfield>
    <subfield code="a">MAIN</subfield>
    <subfield code="b">MAIN</subfield>
    <subfield code="d">2026-05-11</subfield>
    <subfield code="l">0</subfield>
    <subfield code="o">338.90091 SEN</subfield>
    <subfield code="p">33196</subfield>
    <subfield code="r">2026-05-11</subfield>
    <subfield code="w">2026-05-11</subfield>
    <subfield code="y">BK</subfield>
  </datafield>
</record>
